000 00303nam a22001337a 4500
008 181226b xxu||||| |||| 00| 0 eng d
020 _a0582280443
041 _aeng
080 _a321
100 _a19
101 _aSHP
245 _aRegimes, Movements and Ideologies
_cHagopian, M.N
942 _2udc
_cBK
999 _c53773
_d53773